Marvel Heroes - Statistics

General Stats
  • This quiz has been taken 928 times
  • The average score is 38 of 100
Answer Stats
# Answer % Correct
Black Panther
86%
Hulk
86%
Ant-Man
85%
Black Widow
85%
Captain America
85%
Iron Man
77%
Thor
74%
Beast
69%
Groot
67%
Hawkeye
67%
Gamora
65%
Mr. Fantastic
65%
Scarlet Witch
64%
Thing
64%
Daredevil
63%
Spiderman
63%
Cyclops
62%
Human Torch
62%
Invisible Woman
62%
Star-Lord
62%
Wasp
62%
Angel
60%
Storm
60%
Blade
59%
Wolverine
59%
Iron Fist
55%
War Machine
55%
Loki
54%
Ms. Marvel
54%
Falcon
51%
Dr. Strange
49%
Cable
48%
Quicksilver
48%
Black Bolt
46%
Captain Britain
46%
Gambit
46%
Elektra
45%
Jean Grey
45%
Black Cat
44%
Deadpool
44%
Colossus
43%
She-Hulk
43%
Magneto
42%
Black Knight
41%
Bishop
40%
Iceman
40%
Rogue
40%
Spider-Woman
40%
Vision
40%
Ares
39%
Carnage
38%
Emma Frost
36%
Domino
35%
Drax the Destroyer
35%
Luke Cage
35%
Nightcrawler
34%
Punisher
34%
Moon Knight
32%
Sif
32%
Venom
32%
X-23
31%
Kitty Pryde
30%
Rescue
30%
Valkyrie
30%
Rocket Raccoon
29%
Silver Surfer
28%
Fandral
27%
Ghost Rider
27%
Hercules
27%
Havok
24%
Daimon Hellstrom
22%
Nico Minoru
22%
Red Hulk
21%
Constrictor
19%
Wonder Man
18%
Satana
17%
Union Jack
17%
Galactus
15%
Heimdall
15%
Psylocke
15%
Doctor Doom
14%
Spiral
14%
Hogun
13%
Mockingbird
13%
Sabretooth
13%
Volstagg
13%
Thundra
12%
Juggernaut
11%
Magik
11%
Doctor Voodoo
10%
Squirrel Girl
10%
Silver Samurai
9%
Sunfire
8%
Omega Sentinel
7%
Tigra
6%
Taskmaster
4%
Shatterstar
3%
Thane
3%
Moonstone
2%
Fantomex
1%
No matching quizzes found
Score Distribution
Percent of People with Each Score
Percentile by Number Answered
Your Score History
You have not taken this quiz